000
00291nam a22001337a 4500
008
170504b xxu||||| |||| 00| 0 eng d
020
_a
9780131830011
041
_a
eng
080
_2
4 ED
_a
34
100
_a
13
101
_a
SHJ
245
_a
POLICY ANALSIS
_c
WETMER.D.L
942
_2
udc
_c
BK
999
_c
12641
_d
12641